000 00610nam a22001937a 4500
999 _c158181
_d158181
005 20181020105105.0
010 _aENG-124334
020 _a9789332584662
_c599.00
035 _aEN-107866
037 _bDBAD/PUB
082 _a621.31
100 _aShubhanga, K.N.
245 _aPower system analysis:
_cby K.N. Shubhanga
_ba dynamic perspective /
260 _aNoida
_bPearson
_c2018
270 _a15th Floor, Tower B, Worls Trade Tower, Plot No.1, Block -C
_bNoida (UP)
_e201301
300 _axxii,784p.
_c26cm.(pbk)
_bill.
500 _aIt includes index
942 _2ddc
_cEN
_h621.31
_mSHU